=LDR 00000nam 2200000 4500 =001 INLIS000000000021763 =005 20130612120605 =008 ***********************************Ind** =035 ##$$0010-061300000021763 =041 ##$$a Ind =082 ##$$a 658 =090 ##$$a 658, Sul-m =100 ##$$a SULAKSANA, Uyung =245 ##$$a Managemen Perubahan, Uyung Sulaksana =260 ##$$a 2004 $b Yogyakarta =300 ##$$a x, 323 hlm., Ilus., 24 cm =650 ##$$a Managemen =850 ##$$a NBPNMAT =990 ##$$a 0037/BPAP-NTB/2017 =990 ##$$a 21602746/BPAP-NTB/2017